<?xml version="1.0" encoding="UTF-8"?>
<record
    xmlns:xsi="http://www.w3.org/2001/XMLSchema-instance"
    xsi:schemaLocation="http://www.loc.gov/MARC21/slim http://www.loc.gov/standards/marcxml/schema/MARC21slim.xsd"
    xmlns="http://www.loc.gov/MARC21/slim">

  <leader>00744nam a22002177a 4500</leader>
  <datafield tag="999" ind1=" " ind2=" ">
    <subfield code="c">1347</subfield>
    <subfield code="d">1347</subfield>
  </datafield>
  <controlfield tag="003">OSt</controlfield>
  <controlfield tag="005">20171129141959.0</controlfield>
  <controlfield tag="008">170627b        xxu||||| |||| 00| 0 esp d</controlfield>
  <datafield tag="020" ind1=" " ind2=" ">
    <subfield code="a">978-607-7570-05-9</subfield>
  </datafield>
  <datafield tag="040" ind1=" " ind2=" ">
    <subfield code="c">RCAA</subfield>
    <subfield code="a">DO-SdBJH</subfield>
    <subfield code="b">spa</subfield>
  </datafield>
  <datafield tag="082" ind1=" " ind2=" ">
    <subfield code="b">G216p 2009</subfield>
    <subfield code="a">355</subfield>
  </datafield>
  <datafield tag="100" ind1=" " ind2=" ">
    <subfield code="a">Garc&#xED;a Ochoa, Augusto Mois&#xE9;s </subfield>
    <subfield code="e">autor</subfield>
  </datafield>
  <datafield tag="245" ind1=" " ind2=" ">
    <subfield code="a">La participaci&#xF3;n de las Fuerzas Armadas en el entorno actual de la seguridad p&#xFA;blica  / </subfield>
    <subfield code="c">General Augusto Mois&#xE9;s Garc&#xED;a Ochoa</subfield>
  </datafield>
  <datafield tag="250" ind1=" " ind2=" ">
    <subfield code="a">3&#xAA; edici&#xF3;n </subfield>
  </datafield>
  <datafield tag="260" ind1=" " ind2=" ">
    <subfield code="a">M&#xE9;xico :  </subfield>
    <subfield code="b">Ala de Avispa Editores, </subfield>
    <subfield code="c">2009</subfield>
  </datafield>
  <datafield tag="300" ind1=" " ind2=" ">
    <subfield code="a">216 p&#xE1;ginas : ilustrado, mapas en color.</subfield>
  </datafield>
  <datafield tag="504" ind1=" " ind2=" ">
    <subfield code="a">Incluye indice. </subfield>
  </datafield>
  <datafield tag="650" ind1=" " ind2=" ">
    <subfield code="a">Seguridad Nacional -- M&#xE9;xico </subfield>
  </datafield>
  <datafield tag="650" ind1=" " ind2=" ">
    <subfield code="a">Seguridad publica </subfield>
  </datafield>
  <datafield tag="942" ind1=" " ind2=" ">
    <subfield code="2">ddc</subfield>
    <subfield code="c">BK</subfield>
    <subfield code="z">3</subfield>
  </datafield>
  <datafield tag="952" ind1=" " ind2=" ">
    <subfield code="0">0</subfield>
    <subfield code="1">0</subfield>
    <subfield code="2">ddc</subfield>
    <subfield code="4">0</subfield>
    <subfield code="7">0</subfield>
    <subfield code="8">CG</subfield>
    <subfield code="a">BJHA</subfield>
    <subfield code="b">BJHA</subfield>
    <subfield code="d">2017-06-27</subfield>
    <subfield code="i">16-00717</subfield>
    <subfield code="l">0</subfield>
    <subfield code="o">355 G216p 2009</subfield>
    <subfield code="p">16-00717</subfield>
    <subfield code="r">2018-10-06 00:00:00</subfield>
    <subfield code="t">e.1</subfield>
    <subfield code="w">2017-06-27</subfield>
    <subfield code="y">BK</subfield>
  </datafield>
</record>
